00570 2200181 4500245004600000020002200046250001100068100002100079700002400100650001700124005001900141260004100160041001400201084000800215300002500223500013100248336000900379 aRunaway to HeavencHengki KumayandihText a978-602-02-7365-5 aCet. 1 aHengki Kumayandi aPradita Seti Rahayu aNovel Remaja a20231005085043 aJakartabElex Media Komputindoc2015 aIndonesia a813 a232 hlm. :c19.5 cm. aDari waktu ke waktu, aku tak pernah menemukan arti kebhagiaan. Selalu berlari secepat angin dari masalah satu masalah lainnya. atext